00816nam a2200181 a 450000100100000000500170001000800410002704000250006811001130009324500970020626000330030330000280033650000210036465100580038571000690044395201050051299900170061700003107620250221073755.0090709s1969 dr a 000 0 spa d aDO-SdBNPbspacBNPHU1 aRepública Dominicana.bSecretariado Técnico de la Presidencia.bOficina Nacional de Estadística91086610aDía de la estadística nacional :bReseña historica de la segunda conmemoración 1968. aSanto Domingo :bONE,c1969. a101 p. :bil. ;c28 cm. aIncluye índice 4aRepública DominicanaxServicios Estadisticos9108671 aRepública Dominicana.bOficina Nacional de Estadística95775 0010718PDaPDbPDcCTd2011-06-13iLF1l0o p31076-10r2020-06-25w2020-06-25yLFPDZNo se presta c30568d30568